| 000 | 00922cab a2200253 4500 | ||
|---|---|---|---|
| 001 | WB3435-47 | ||
| 008 | 090401t1998 xxu||||| |||| 00| 0 eng d | ||
| 035 | _a(Sirsi) u88492 | ||
| 041 | _aeng | ||
| 245 | _aAgents unit for global instructions | ||
| 260 | _c1998 | ||
| 350 | _a0 | ||
| 490 |
_aEstates Gazette _v(9837) 12 September 1998, 48(1) |
||
| 520 | _aDTZ Debenham Thorpe and Healey & Baker are planning to bid jointly for a number of global instructions. The decision follows the success of the Alliance 2000 project, which saw the two firms form a partnership to advise Ford on its worldwide property requirements. | ||
| 650 | _aALLIANCE 2000 | ||
| 650 | _aCOOPERATION | ||
| 650 | _aDTZ DEBENHAM THORPE | ||
| 650 | _aGLOBAL INSTRUCTIONS | ||
| 650 | _aHEALEY & BAKER | ||
| 650 | _aPARTNERSHIPS | ||
| 690 | _aMANAGEMENT-BUSINESS MANAGEMENT-PROFESSIONAL PRACTICE | ||
| 942 | _n0 | ||
| 948 | _c15/09/1998 | ||
| 999 |
_c55910 _d55910 |
||